000 01107nam a2200301 i 4500
001 bg
003 BPK
005 20230406083517.0
008 970510s1994 pl |000 0 pol
015 _aPB 1994/8632
020 _a8385838120
040 _aWA N
_cWA N
041 0 _apol
_aeng
080 _a341.1](4-67)
080 _a339.923(4-67)
245 0 0 _aPrawo Wspólnot Europejskich :
_bdokumenty i orzecznictwo /
_cwybór i red. Władysław Czapliński, Rudolf Ostrihansky, Anna Wyrozumska ; Fundacja Promocji Prawa Europejskiego.
260 _aWarszawa :
_bAgencja Scholar,
_c1994.
300 _a355 s. ;
_c24 cm.
546 _aTekst częśc. ang.
650 4 _aPrawo gospodarcze międzynarodowe
650 4 _aPrawo Unii Europejskiej
650 4 _aOrzecznictwo międzynarodowe
700 1 _aCzapiński, Władysław.
_eRed.
700 1 _aWyrozumska, Anna
_d(1953- ).
_eRed.
700 1 _aOstrihansky, Rudolf
_c(prawo)
_eRed.
942 _2UKD
_cKS
856 _uhttp://koha.tu.koszalin.pl/cgi-bin/koha/opac-detail.pl?biblionumber=30816
_yKatalog online BPK
999 _c30816
_d30816